|
|
|
|
| LEADER |
00000naa2a2200000 4500 |
| 001 |
49457 |
| 005 |
20231031032604.0 |
| 035 |
|
|
|a (RuTPU)RU\TPU\book\51778
|
| 035 |
|
|
|a RU\TPU\tpu\9824
|
| 090 |
|
|
|a 49457
|
| 100 |
|
|
|a 20030401d1998 k y0rusy50 ca
|
| 101 |
0 |
|
|a rus
|
| 102 |
|
|
|a RU
|
| 200 |
1 |
|
|a U-полоса в емкостных спектрах арсенида галлия, облученного нейтронами и протонами
|f В. В. Пешев
|
| 320 |
|
|
|a Библиогр.: с. 108 (4 назв.)
|
| 463 |
|
1 |
|0 (RuTPU)RU\TPU\book\8059
|t Международная конференция "Радиационно-термические эффекты и процессы в неорганических материалах", 22-25 сентября 1998 г., г. Томск
|o тезисы докладов
|f Томский политехнический университет
|v С. 105-108
|d 1998
|p 210 с.
|
| 610 |
1 |
|
|a труды учёных ТПУ
|
| 700 |
|
1 |
|a Пешев
|b В. В.
|c специалист в области электротехники
|c ведущий научный специалист Томского политехнического университета
|f 1948-
|g Владимир Викторович
|2 stltpush
|3 (RuTPU)RU\TPU\pers\31082
|
| 801 |
|
1 |
|a RU
|b 63413507
|c 20021017
|g PSBO
|
| 801 |
|
2 |
|a RU
|b 63413507
|c 20140526
|g PSBO
|
| 942 |
|
|
|c BK
|